[Event "HUN-chT2 9596"]
[Site "Hungary"]
[Date "1996.??.??"]
[Round "11"]
[White "Hradeczky, Tamas"]
[Black "Czuczai, Jeno"]
[Result "1-0"]
[WhiteElo "2245"]
[BlackElo "2175"]
[PlyCount "101"]
[EventDate "1995.??.??"]
[EventType "team"]
[EventRounds "11"]
[EventCountry "HUN"]
[SourceTitle "EXT 2000"]
[Source "ChessBase"]
[SourceDate "1999.11.16"]
[SourceVersion "1"]
[SourceVersionDate "1999.11.16"]
[SourceQuality "1"]

1. d4 f5 2. Nf3 Nf6 3. g3 e6 4. Bg2 d5 5. 0-0 Bd6 6. c4 c6 7. Qc2 0-0 8. Bf4 Ne4 9. Nbd2 g5 10. Bxd6 Nxd6 11. Ne5 f4 12. e4 dxc4 13. a4 Nd7 14. Nxd7 Bxd7 15. e5 Nf5 16. Ne4 f3 17. Bh3 Kh8 18. Qxc4 Qe8 19. Rfe1 Qh5 20. Bf1 Nh6 21. Qc3 Ng8 22. h3 Rf7 23. Nd6 Raf8 24. Nxf7+ Rxf7 25. Re3 g4 26. hxg4 Qxg4 27. Ra3 Ne7 28. Rxf3 Nf5 29. Rf4 Qg5 30. Bg2 h5 31. Qf3 Be8 32. Rd3 Nh4 33. Rxh4 Rxf3 34. Rxf3 Kg7 35. Rff4 Qe7 36. Kh2 a5 37. Rf6 b5 38. Bh3 Bf7 39. Rhf4 Bg8 40. b3 bxa4 41. bxa4 Qa3 42. Bxe6 Bxe6 43. Rxe6 h4 44. Rg4+ Kf7 45. Rf6+ Ke7 46. Rxh4 Qxa4 47. d5 Qc2 48. d6+ Kd7 49. Rd4 c5 50. e6+ Kc6 51. e7 1-0

[Event "HUN-chT"]
[Site "Hungary"]
[Date "1995.??.??"]
[Round "?"]
[White "Czuczai, Jeno"]
[Black "Forgacs, Jozsef"]
[Result "0-1"]
[WhiteElo "2255"]
[BlackElo "2300"]
[PlyCount "155"]
[EventDate "1995.??.??"]
[EventType "team"]
[EventRounds "13"]
[EventCountry "HUN"]
[SourceTitle "EXT 1997"]
[Source "ChessBase"]
[SourceDate "1996.11.15"]
[SourceVersion "1"]
[SourceVersionDate "1996.11.15"]
[SourceQuality "1"]

1. Nf3 g6 2. g3 Bg7 3. d4 f5 4. c4 Nf6 5. Bg2 0-0 6. 0-0 c6 7. Nc3 Ne4 8. Qb3 Nxc3 9. bxc3 Kh8 10. Bf4 d6 11. Rad1 Qe8 12. d5 Na6 13. Be3 c5 14. Rfe1 Nc7 15. Bf4 b5 16. cxb5 Qxb5 17. c4 Qxb3 18. axb3 h6 19. h4 Kh7 20. Rd3 Bf6 21. Bd2 Rb8 22. Ba5 Na6 23. Nd2 Nb4 24. Bxb4 Rxb4 25. f4 a5 26. Rc1 Bd7 27. Rc2 a4 28. bxa4 Rxa4 29. Rb3 Ra1+ 30. Rb1 Rxb1+ 31. Nxb1 Ba4 32. Rc1 Rb8 33. e4 Rb2 34. exf5 gxf5 35. Nc3 Bc2 36. Nb5 Bd3 37. Bf1 Be4 38. Re1 Kg6 39. Re2 Rb1 40. Rd2 Rb3 41. Kh2 Bb2 42. Rd1 Re3 43. Rd2 Re1 44. Bg2 Bc1 45. Ra2 Bd3 46. Nc7 Re2 47. Rxe2 Bxe2 48. Na8 Bxc4 49. Bf3 Bd3 50. Kg2 Be3 51. Nc7 c4 52. Nb5 Bd2 53. Bd1 c3 54. Nd4 Be4+ 55. Kf2 Bxd5 56. Ke2 Bc4+ 57. Kf2 Kf6 58. Bc2 e6 59. Nf3 Bc1 60. Nd4 Ba3 61. Nf3 Bc5+ 62. Ke1 e5 63. fxe5+ dxe5 64. Nh2 e4 65. g4 Bd3 66. Bb3 c2 67. Bxc2 Bxc2 68. gxf5 Kxf5 69. Kf1 Bd6 70. Kg2 Bxh2 71. Kxh2 Kg4 72. Kg2 Kxh4 73. Kh2 e3 74. Kg2 Be4+ 75. Kf1 Bf3 76. Ke1 Kg3 77. Kf1 e2+ 78. Ke1 0-1

[Event "HUN-chT"]
[Site "Hungary"]
[Date "1995.??.??"]
[Round "?"]
[White "Czuczai, Jeno"]
[Black "Szabo, Zsolt"]
[Result "1/2-1/2"]
[WhiteElo "2255"]
[BlackElo "2350"]
[PlyCount "122"]
[EventDate "1995.??.??"]
[EventType "team"]
[EventRounds "13"]
[EventCountry "HUN"]
[SourceTitle "EXT 1997"]
[Source "ChessBase"]
[SourceDate "1996.11.15"]
[SourceVersion "1"]
[SourceVersionDate "1996.11.15"]
[SourceQuality "1"]

1. Nf3 f5 2. c4 Nf6 3. d4 g6 4. g3 Bg7 5. Bg2 0-0 6. Nc3 d6 7. 0-0 Qe8 8. b3 e5 9. dxe5 dxe5 10. e4 Nc6 11. Be3 Be6 12. Ng5 h6 13. Nxe6 Qxe6 14. exf5 Qxf5 15. Rc1 Kh7 16. Qc2 Qh5 17. Bxc6 bxc6 18. f3 Qh3 19. Ne4 Ng8 20. Bc5 Rf7 21. Rcd1 a6 22. Rd3 Bf8 23. Qg2 Qf5 24. Be3 Re8 25. g4 Qc8 26. Qh3 Kg7 27. Bc1 Kh8 28. Qh4 Be7 29. Qg3 Bf8 30. Kg2 Bg7 31. Qh3 Bf8 32. Rfd1 Kg7 33. Qh4 Qe6 34. Rd8 Rxd8 35. Qxd8 a5 36. a4 Kh7 37. Qh4 Be7 38. Bg5 Kg7 39. Bxe7 Rxe7 40. Nc5 Qf7 41. Qe1 Nf6 42. Qc3 Kh7 43. Re1 Qe8 44. Kg3 h5 45. h3 g5 46. Qd3+ e4 47. Nxe4 h4+ 48. Kg2 Nxe4 49. Rxe4 Kh6 50. Kf2 Rxe4 51. fxe4 Qe5 52. Ke3 c5 53. Ke2 Qb2+ 54. Kf1 Qa1+ 55. Kg2 Qb2+ 56. Kg1 Qe5 57. Qf1 Kg6 58. Qd3 Kh6 59. Qe3 Kg6 60. Qf3 Kg7 61. Kf2 Qb2+ 1/2-1/2

[Event "HUN-chT"]
[Site "Hungary"]
[Date "1995.??.??"]
[Round "?"]
[White "Erdelyi, Tamas"]
[Black "Czuczai, Jeno"]
[Result "1-0"]
[WhiteElo "2305"]
[BlackElo "2255"]
[PlyCount "68"]
[EventDate "1995.??.??"]
[EventType "team"]
[EventRounds "13"]
[EventCountry "HUN"]
[SourceTitle "EXT 1997"]
[Source "ChessBase"]
[SourceDate "1996.11.15"]
[SourceVersion "1"]
[SourceVersionDate "1996.11.15"]
[SourceQuality "1"]

1. c4 f5 2. Nf3 Nf6 3. g3 c6 4. Bg2 g6 5. 0-0 Bg7 6. Nc3 0-0 7. d3 d6 8. Rb1 h6 9. b4 e5 10. Qb3 Kh7 11. b5 c5 12. Nd2 Nbd7 13. a4 Qe7 14. a5 Rb8 15. Bb2 g5 16. e3 Qf7 17. Rbe1 Qh5 18. Qd1 Ng4 19. h3 Ndf6 20. f3 Nxe3 21. Rxe3 f4 22. g4 Qg6 23. Ree1 Qxd3 24. Rf2 Qg6 25. Nde4 Rd8 26. Nxc5 Bxg4 27. fxg4 dxc5 28. Nd5 Kh8 29. Bxe5 Rbc8 30. Rd2 Re8 31. Nxf6 Bxf6 32. Rd6 Rxe5 33. Rxe5 Qg7 34. Rd7 Qf8 1-0

[Event "HUN-chT 9394"]
[Site "Hungary"]
[Date "1994.??.??"]
[Round "?"]
[White "Horvath, Peter2222"]
[Black "Czuczai, Jeno"]
[Result "0-1"]
[WhiteElo "2290"]
[BlackElo "2240"]
[PlyCount "24"]
[EventDate "1993.??.??"]
[EventType "team"]
[EventRounds "13"]
[EventCountry "HUN"]
[SourceTitle "TD"]
[Source "ChessBase"]
[SourceDate "1994.03.01"]
[SourceVersion "1"]
[SourceVersionDate "1994.03.01"]
[SourceQuality "1"]

1. e4 c6 2. d4 d5 3. e5 Bf5 4. Nc3 e6 5. g4 Bg6 6. Nge2 Bb4 7. Nf4 Be4 8. f3 Qh4+ 9. Ke2 Nh6 10. fxe4 Bxc3 11. bxc3 Qxg4+ 12. Kd3 Qxd1+ 0-1

[Event "HUN-chT"]
[Site "Hungary"]
[Date "1993.??.??"]
[Round "?"]
[White "Abel, Lajos"]
[Black "Czuczai, Jeno"]
[Result "0-1"]
[WhiteElo "2285"]
[BlackElo "2250"]
[PlyCount "52"]
[EventDate "1993.??.??"]
[EventType "team"]
[EventRounds "13"]
[EventCountry "HUN"]
[SourceTitle "TD"]
[Source "ChessBase"]
[SourceDate "1994.03.01"]
[SourceVersion "1"]
[SourceVersionDate "1994.03.01"]
[SourceQuality "1"]

1. d4 f5 2. g3 Nf6 3. Bg2 e6 4. Nf3 d5 5. 0-0 Bd6 6. c4 c6 7. Qc2 0-0 8. a3 Qe7 9. b4 Ne4 10. Ne5 Nd7 11. Nd3 Ndf6 12. c5 Bc7 13. f3 Nxg3 14. hxg3 Bxg3 15. Nc3 Nh5 16. e3 Qh4 17. Rf2 e5 18. dxe5 f4 19. exf4 Bf5 20. Nd1 Rae8 21. Bf1 Nxf4 22. Bxf4 Bxf4 23. Qc3 Bxd3 24. Qxd3 Rxe5 25. Raa2 Rf6 26. Bg2 Re1+ 0-1

[Event "HUN-chT"]
[Site "Hungary"]
[Date "1993.??.??"]
[Round "?"]
[White "Czuczai, Jeno"]
[Black "Havasi, Janos"]
[Result "0-1"]
[WhiteElo "2250"]
[BlackElo "2240"]
[PlyCount "98"]
[EventDate "1993.??.??"]
[EventType "team"]
[EventRounds "13"]
[EventCountry "HUN"]
[SourceTitle "TD"]
[Source "ChessBase"]
[SourceDate "1994.03.01"]
[SourceVersion "1"]
[SourceVersionDate "1994.03.01"]
[SourceQuality "1"]

1. Nf3 d6 2. d4 Nf6 3. b3 g6 4. Bb2 Bg7 5. g3 0-0 6. Bg2 c6 7. c4 Bg4 8. Nbd2 Qc8 9. Qc2 Na6 10. Rc1 Bh3 11. 0-0 Bh6 12. Rfe1 Bxg2 13. Kxg2 Nh5 14. Qe4 Qd7 15. Qh4 Bg7 16. Bc3 Nc7 17. e4 Bf6 18. Qh3 Ne6 19. Kg1 Rad8 20. Nf1 Nxd4 21. Qg2 e5 22. Nxd4 exd4 23. Bd2 Bg7 24. g4 Nf6 25. h3 c5 26. f4 Qc6 27. Ng3 Nd7 28. h4 f6 29. Rf1 Rf7 30. Rce1 Re8 31. g5 Kf8 32. f5 Ke7 33. Bf4 Kd8 34. Qd2 Kc8 35. a3 fxg5 36. hxg5 Be5 37. fxg6 hxg6 38. Bxe5 Nxe5 39. Rxf7 Nxf7 40. Qf4 Ne5 41. Re2 Qd7 42. Nf1 Qh3 43. Nd2 Qh5 44. Rh2 Qd1+ 45. Qf1 Qg4+ 46. Rg2 Qh3 47. Qf4 a6 48. Qg3 Qh5 49. Qf4 Rh8 0-1

[Event "HUN-chT"]
[Site "Hungary"]
[Date "1993.??.??"]
[Round "?"]
[White "Czuczai, Jeno"]
[Black "Pesztericz, Laszlo"]
[Result "1-0"]
[WhiteElo "2250"]
[BlackElo "2230"]
[PlyCount "62"]
[EventDate "1993.??.??"]
[EventType "team"]
[EventRounds "13"]
[EventCountry "HUN"]
[SourceTitle "TD"]
[Source "ChessBase"]
[SourceDate "1994.03.01"]
[SourceVersion "1"]
[SourceVersionDate "1994.03.01"]
[SourceQuality "1"]

1. g3 g6 2. Bg2 Bg7 3. e4 c5 4. Ne2 Nc6 5. 0-0 e6 6. c4 Nge7 7. Nbc3 0-0 8. d3 d6 9. Be3 a6 10. Rc1 Nd4 11. h3 h6 12. Kh2 Rb8 13. f4 b5 14. b3 Bd7 15. g4 f5 16. gxf5 gxf5 17. Ng3 Kh7 18. exf5 Nexf5 19. Be4 Kh8 20. Bxf5 Nxf5 21. Nxf5 Rxf5 22. Ne4 Bc6 23. Ng3 Rf7 24. Qh5 Qe7 25. Rg1 Rg8 26. Rcf1 bxc4 27. bxc4 d5 28. Bxc5 Qxc5 29. Qxf7 dxc4 30. Ne4 Qd4 31. Rg6 Rb8 1-0